[Event "gameknot.com marekt's mini-tournament (1.b4 thematic) XX"]
[Site "?"]
[Date "2016.??.??"]
[Round "?"]
[White "tbre0022"]
[Black "the_great_omni"]
[Result "1/2-1/2"]
[WhiteElo "2330"]
[BlackElo "2430"]
[PlyCount "91"]
[EventDate "2016.??.??"]

1. b4 e5 2. Bb2 f6 3. e4 d5 4. f4 exf4 5. Qh5+ g6 6. Qxd5 Qxd5 7. exd5 Bxb4 8.
Ne2 Ne7 9. Nxf4 Bd6 10. g3 Na6 11. Bxf6 Rf8 12. Bxe7 Kxe7 13. Bxa6 bxa6 14. O-O
Bxf4 15. gxf4 Kd6 16. Nc3 Rb8 17. a3 Bh3 18. Rf3 Bg4 19. Rf2 Bf5 20. d3 Kc5 21.
Re1 Kd4 22. Ne4 Kxd5 23. Kg2 Kc6 24. Ng3 Bg4 25. Re7 h5 26. h3 Bd7 27. h4 Rbe8
28. Rxe8 Rxe8 29. f5 gxf5 30. Rf4 Kd6 31. Kf3 Ke5 32. Rc4 c6 33. Ra4 Be6 34.
Nxh5 Bd5+ 35. Ke3 Rg8 36. d4+ Kd6 37. Nf6 Rh8 38. Nxd5 Kxd5 39. Ra5+ Kd6 40.
Rxf5 Rxh4 41. Ra5 Kc7 42. Rxa6 Kb7 43. Ra4 c5 44. c3 Rh3+ 45. Kd2 cxd4 46. Rxd4
1/2-1/2

[Event "gameknot.com marekt's mini-tournament (1.b4 thematic) XX"]
[Site "?"]
[Date "2016.??.??"]
[Round "?"]
[White "rcm06"]
[Black "5imon"]
[Result "1-0"]
[WhiteElo "2140"]
[BlackElo "1900"]
[PlyCount "59"]
[EventDate "2016.??.??"]

1. b4 e5 2. Bb2 f6 3. e4 d5 4. f4 exf4 5. Qh5+ g6 6. Qxd5 Qxd5 7. exd5 Bxb4 8.
Ne2 Ne7 9. Nxf4 Bd6 10. g3 Na6 11. Bxf6 Rf8 12. Bb5+ Bd7 13. Bxe7 Kxe7 14. Bxa6
bxa6 15. O-O Rae8 16. Nc3 Bf5 17. d3 Bc5+ 18. Kg2 Kd6 19. Rae1 Bb4 20. Ne4+ Kd7
21. c3 Bxe4+ 22. dxe4 Bxc3 23. Ne6 Rxf1 24. Rxf1 Re7 25. Rc1 Ba5 26. Nc5+ Ke8
27. Rc4 Bb6 28. Nxa6 Rf7 29. Rc2 Ke7 30. Nxc7 1-0

[Event "gameknot.com marekt's mini-tournament (1.b4 thematic) XX"]
[Site "?"]
[Date "2016.??.??"]
[Round "?"]
[White "marekt"]
[Black "the_great_omni"]
[Result "1/2-1/2"]
[WhiteElo "2155"]
[BlackElo "2425"]
[PlyCount "52"]
[EventDate "2016.??.??"]

1. b4 e5 2. Bb2 f6 3. e4 d5 4. f4 exf4 5. Qh5+ g6 6. Qxd5 Qxd5 7. exd5 Bxb4 8.
Ne2 Ne7 9. Nxf4 Bd6 10. g3 Na6 11. Bxf6 Rf8 12. Bxe7 Kxe7 13. Bxa6 bxa6 14. O-O
Bxf4 15. gxf4 Kd6 16. Nc3 Rb8 17. d3 Rb4 18. Rab1 Rxb1 19. Rxb1 Rxf4 20. Kg2
Rg4+ 21. Kf3 Rh4 22. Rb8 Bf5 23. Kg2 Rg4+ 24. Kf3 Rh4 25. Kg3 Rg4+ 26. Kf2 Rh4
1/2-1/2

[Event "gameknot.com marekt's mini-tournament (1.b4 thematic) XX"]
[Site "?"]
[Date "2016.??.??"]
[Round "?"]
[White "the_great_omni"]
[Black "breughel"]
[Result "1/2-1/2"]
[WhiteElo "2445"]
[BlackElo "2345"]
[PlyCount "38"]
[EventDate "2016.??.??"]

1. b4 e5 2. Bb2 f6 3. e4 d5 4. f4 exf4 5. Qh5+ g6 6. Qxd5 Qxd5 7. exd5 Bxb4 8.
Ne2 Ne7 9. Nxf4 Bd6 10. Bxf6 O-O 11. Bxe7 Re8 12. Ne6 Rxe7 13. Nc3 Nc6 14.
O-O-O Bxe6 15. dxe6 Ba3+ 16. Kb1 Rd8 17. Bc4 Na5 18. Bd5 c6 19. Bb3 Nxb3
1/2-1/2

[Event "gameknot.com marekt's mini-tournament (1.b4 thematic) XX"]
[Site "?"]
[Date "2016.??.??"]
[Round "?"]
[White "rcm06"]
[Black "gluv51"]
[Result "1/2-1/2"]
[WhiteElo "2155"]
[BlackElo "2090"]
[PlyCount "95"]
[EventDate "2016.??.??"]

1. b4 e5 2. Bb2 f6 3. e4 d5 4. f4 exf4 5. Qh5+ g6 6. Qxd5 Qxd5 7. exd5 Bxb4 8.
Ne2 Ne7 9. Nxf4 Bd6 10. g3 Bxf4 11. Bxf6 Rf8 12. Bxe7 Kxe7 13. gxf4 Rxf4 14.
Nc3 Nd7 15. Bg2 Nb6 16. O-O-O Bf5 17. Rhf1 Rh4 18. Rde1+ Kd7 19. h3 Re8 20.
Rxe8 Kxe8 21. d3 Bd7 22. Kd2 Ke7 23. Re1+ Kd8 24. Rf1 h6 25. Rf8+ Ke7 26. Rb8
Bxh3 27. Bxh3 Rxh3 28. Rxb7 Rh2+ 29. Kc1 Kd7 30. Rxa7 g5 31. a4 g4 32. a5 Nc8
33. Ra6 g3 34. Rg6 g2 35. Ne2 h5 36. Rg7+ Kd6 37. c4 h4 38. Kd2 c6 39. Rg6+ Kd7
40. dxc6+ Kc7 41. Ng1 h3 42. Kc3 Rh1 43. Nxh3 Rxh3 44. Rxg2 Kxc6 45. Rg6+ Kc7
46. Rg7+ Kc6 47. Rg6+ Kc7 48. Rg7+ 1/2-1/2

[Event "gameknot.com marekt's mini-tournament (1.b4 thematic) XX"]
[Site "?"]
[Date "2016.??.??"]
[Round "?"]
[White "rcm06"]
[Black "marekt"]
[Result "1/2-1/2"]
[WhiteElo "2155"]
[BlackElo "2165"]
[PlyCount "57"]
[EventDate "2016.??.??"]

1. b4 e5 2. Bb2 f6 3. e4 d5 4. f4 exf4 5. Qh5+ g6 6. Qxd5 Qxd5 7. exd5 Bxb4 8.
Ne2 Ne7 9. Nxf4 Bd6 10. g3 Bxf4 11. Bxf6 Rf8 12. Bxe7 Kxe7 13. gxf4 Rxf4 14.
Nc3 Nd7 15. Bg2 Nb6 16. O-O-O Bf5 17. Rdf1 Rh4 18. d3 Kd6 19. Rf2 a6 20. Kd2
Rd8 21. a3 Kc5 22. Bf3 c6 23. dxc6 bxc6 24. Kc1 Nd5 25. Bxd5 cxd5 26. Kd2 Rb8
27. Rg1 Kd6 28. Re1 a5 29. Kc1 1/2-1/2

[Event "gameknot.com marekt's mini-tournament (1.b4 thematic) XX"]
[Site "?"]
[Date "2017.??.??"]
[Round "?"]
[White "reza34861"]
[Black "gluv51"]
[Result "0-1"]
[WhiteElo "1940"]
[BlackElo "2085"]
[PlyCount "144"]
[EventDate "2017.??.??"]

1. b4 e5 2. Bb2 f6 3. e4 d5 4. f4 exf4 5. Qh5+ g6 6. Qxd5 Qxd5 7. exd5 Bxb4 8.
Ne2 Ne7 9. Nxf4 Bd6 10. g3 Bf5 11. Bg2 Na6 12. Na3 Bxf4 13. gxf4 Kf7 14. d6
cxd6 15. Nb5 Rad8 16. Ba3 Nc5 17. O-O-O b6 18. d4 Ne4 19. Rhe1 d5 20. c4 a6 21.
Bxe7 Rc8 22. Nd6+ Kxe7 23. Nxc8+ Rxc8 24. Re3 Kd6 25. Rb3 Rxc4+ 26. Kb2 b5 27.
Ra3 Rc6 28. Rc1 Rb6 29. Ka1 h6 30. Bh3 b4 31. Re3 Ke6 32. Bg2 Kd7 33. Bh3 Be6
34. Rg1 g5 35. f5 Bg8 36. Bg2 h5 37. Bf3 Rc6 38. Bxh5 Rc2 39. Re2 Rc3 40. Rd1
a5 41. Bg4 Bh7 42. h3 Rc4 43. Rh2 Nd6 44. Rf2 Rc3 45. Kb1 Re3 46. Ka1 Nc4 47.
Rh2 Re4 48. Rf2 Kd6 49. Kb1 Na3+ 50. Kc1 Bg8 51. Be2 Bf7 52. Rg2 Be8 53. Rd2
Bc6 54. Bd3 Rh4 55. Rg3 Nc4 56. Rd1 Rxd4 57. Rg4 Rxg4 58. hxg4 Ne3 59. Rg1 d4
60. Be2 Bd5 61. Kb2 Ke5 62. a3 bxa3+ 63. Kxa3 Kf4 64. Kb2 Bf3 65. Ba6 Bxg4 66.
Ra1 Bd1 67. Rxa5 g4 68. Ra1 g3 69. Bb7 Bf3 70. Ba8 Bxa8 71. Rxa8 g2 72. Rg8 Ng4
0-1

[Event "gameknot.com marekt's mini-tournament (1.b4 thematic) XX"]
[Site "?"]
[Date "2017.??.??"]
[Round "?"]
[White "srpolash"]
[Black "rcm06"]
[Result "1/2-1/2"]
[WhiteElo "2005"]
[BlackElo "2115"]
[PlyCount "61"]
[EventDate "2017.??.??"]

1. b4 e5 2. Bb2 f6 3. e4 d5 4. f4 exf4 5. Qh5+ g6 6. Qxd5 Qxd5 7. exd5 Bxb4 8.
Ne2 Ne7 9. Nxf4 Bd6 10. Bxf6 O-O 11. Bxe7 Re8 12. Ne6 Rxe7 13. Nc3 Nd7 14. Nb5
Nc5 15. Nxd6 cxd6 16. Be2 Nxe6 17. dxe6 Bxe6 18. Kf2 Rf8+ 19. Kg3 Rf5 20. h4
Rc5 21. c3 Re5 22. Bf3 Bd5 23. Rhf1 Kg7 24. Rab1 Bc4 25. Rfd1 b6 26. a4 Bd5 27.
Rf1 Bc4 28. Rfd1 Bd5 29. Rf1 Bc4 30. Rfd1 Bd5 31. Rf1 1/2-1/2

[Event "gameknot.com marekt's mini-tournament (1.b4 thematic) XX"]
[Site "?"]
[Date "2016.??.??"]
[Round "?"]
[White "reza34861"]
[Black "srpolash"]
[Result "0-1"]
[WhiteElo "1950"]
[BlackElo "1950"]
[PlyCount "62"]
[EventDate "2016.??.??"]

1. b4 e5 2. Bb2 f6 3. e4 d5 4. f4 exf4 5. Qh5+ g6 6. Qxd5 Qxd5 7. exd5 Bxb4 8.
Ne2 Ne7 9. Bxf6 O-O 10. Bxe7 Bxe7 11. Nbc3 Bg4 12. Rb1 f3 13. gxf3 Bxf3 14. Rg1
Na6 15. Rxb7 Rae8 16. Bh3 Bf6 17. Be6+ Rxe6 18. dxe6 Bxb7 19. d4 c5 20. d5 Nc7
21. Na4 Bxd5 22. Nxc5 Nxe6 23. Nd7 Bh4+ 24. Ng3 Rc8 25. Kd2 Bg5+ 26. Kd3 Nf4+
27. Kd4 Rc7 28. Nb8 Bxa2 29. Ne4 Ne2+ 30. Ke5 Bf4+ 31. Kf6 Rf7# 0-1

[Event "gameknot.com marekt's mini-tournament (1.b4 thematic) XX"]
[Site "?"]
[Date "2016.??.??"]
[Round "?"]
[White "tbre0022"]
[Black "5imon"]
[Result "1-0"]
[WhiteElo "2365"]
[BlackElo "1900"]
[PlyCount "51"]
[EventDate "2016.??.??"]

1. b4 e5 2. Bb2 f6 3. e4 d5 4. f4 exf4 5. Qh5+ g6 6. Qxd5 Qxd5 7. exd5 Bxb4 8.
Ne2 Ne7 9. Nxf4 Bd6 10. Bxf6 Rf8 11. Bxe7 Kxe7 12. Nd3 Na6 13. Nc3 Bf5 14. Rb1
b6 15. Be2 Nc5 16. Nxc5 Bxc5 17. d3 Rad8 18. Bf3 a6 19. Kd2 Rde8 20. Ne4 Bd6
21. Nxd6 Kxd6 22. Rhe1 Re7 23. Rxe7 Kxe7 24. Re1+ Kd7 25. Rf1 Re8 26. g4 1-0

[Event "gameknot.com marekt's mini-tournament (1.b4 thematic) XX"]
[Site "?"]
[Date "2016.??.??"]
[Round "?"]
[White "reza34861"]
[Black "the_great_omni"]
[Result "1-0"]
[WhiteElo "1940"]
[BlackElo "2410"]
[PlyCount "141"]
[EventDate "2016.??.??"]

1. b4 e5 2. Bb2 f6 3. e4 d5 4. f4 exf4 5. Qh5+ g6 6. Qxd5 Qxd5 7. exd5 Bxb4 8.
Ne2 Ne7 9. Bxf6 Nxd5 10. Bxh8 Nc6 11. Nbc3 Bxc3 12. Nxc3 Ndb4 13. O-O-O Bf5 14.
d3 Kf7 15. a3 Na6 16. d4 Rxh8 17. Bc4+ Kg7 18. Rhe1 Rc8 19. Bxa6 bxa6 20. d5
Nb8 21. Re7+ Kf6 22. Rde1 g5 23. Re8 Rxe8 24. Rxe8 Nd7 25. Ra8 Ke5 26. Rxa7 Kd4
27. Rxc7 h5 28. d6 h4 29. h3 g4 30. hxg4 Bxg4 31. Kd2 Ke5 32. Ra7 Nb6 33. Rxa6
Nc4+ 34. Ke1 h3 35. gxh3 Bxh3 36. Ne2 Nxd6 37. Nxf4 Bd7 38. Nd3+ Kd5 39. a4 Bc8
40. Nb4+ Kc5 41. Rc6+ Kxb4 42. Rxd6 Ka5 43. Kd2 Bb7 44. Kc3 Bf3 45. Rd8 Be4 46.
Rb8 Bc6 47. Kc4 Be4 48. c3 Ka6 49. Kc5 Bf3 50. c4 Be2 51. Kd4 Ka5 52. c5 Bf3
53. Ke5 Ka6 54. Kd6 Ka7 55. Rb2 Bg4 56. c6 Ka6 57. c7 Ka5 58. Rb8 Kxa4 59. c8=Q
Bxc8 60. Rxc8 Kb5 61. Kd5 Kb4 62. Rc4+ Kb5 63. Kd4 Kb6 64. Rc5 Ka6 65. Kd5 Kb7
66. Rc6 Ka7 67. Kc5 Kb7 68. Kb5 Ka7 69. Rc7+ Ka8 70. Kb6 Kb8 71. Rc1 1-0

[Event "gameknot.com marekt's mini-tournament (1.b4 thematic) XX"]
[Site "?"]
[Date "2016.??.??"]
[Round "?"]
[White "rcm06"]
[Black "the_great_omni"]
[Result "0-1"]
[WhiteElo "2140"]
[BlackElo "2425"]
[PlyCount "90"]
[EventDate "2016.??.??"]

1. b4 e5 2. Bb2 f6 3. e4 d5 4. f4 exf4 5. Qh5+ g6 6. Qxd5 Qxd5 7. exd5 Bxb4 8.
Ne2 Ne7 9. Nxf4 Bd6 10. Bxf6 O-O 11. Bxe7 Re8 12. Ne6 Rxe7 13. Bc4 Nc6 14. O-O
Bxe6 15. dxe6 Na5 16. Bd3 Rxe6 17. Nc3 Rae8 18. Nd5 Kg7 19. Nf4 Re5 20. g3 c5
21. Rf3 c4 22. Bf1 Re1 23. Rxe1 Rxe1 24. Kg2 Ra1 25. Ne6+ Kg8 26. d4 Rxa2 27.
Rf2 b5 28. Nc5 Be7 29. Kg1 Nc6 30. c3 Rxf2 31. Kxf2 Bxc5 32. dxc5 Kf7 33. Bg2
Ne7 34. Ke1 Ke6 35. Bb7 Nd5 36. Kd2 a5 37. Ba6 Nc7 38. Bb7 Kd7 39. Be4 Ne6 40.
c6+ Kd6 41. Kc2 Nd8 42. c7 Kxc7 43. g4 Kd6 44. Kb2 Ke5 45. Bg2 Kf4 0-1

[Event "gameknot.com marekt's mini-tournament (1.b4 thematic) XX"]
[Site "?"]
[Date "2017.??.??"]
[Round "?"]
[White "reza34861"]
[Black "rcm06"]
[Result "0-1"]
[WhiteElo "1945"]
[BlackElo "2150"]
[PlyCount "90"]
[EventDate "2017.??.??"]

1. b4 e5 2. Bb2 f6 3. e4 d5 4. f4 exf4 5. Qh5+ g6 6. Qxd5 Qxd5 7. exd5 Bxb4 8.
Ne2 Ne7 9. Nxf4 Bd6 10. Nd3 Nxd5 11. Nc3 Nxc3 12. Bxc3 Kf7 13. O-O-O Be6 14.
Kb1 Nd7 15. Be2 Rhe8 16. Bf3 Rad8 17. h3 Bc4 18. Nb2 Be2 19. Rde1 Bxf3 20. gxf3
b5 21. Bd4 c5 22. Be3 a6 23. h4 Nb6 24. h5 g5 25. Ref1 Nd5 26. Nd1 c4 27. Rhg1
c3 28. Re1 Bb4 29. d3 Nxe3 30. Rxe3 Rxe3 31. Nxe3 Bc5 32. Re1 Re8 33. Ng2 Rxe1+
34. Nxe1 Kg7 35. Ng2 Kh6 36. f4 Kxh5 37. fxg5 fxg5 38. Kc1 Kg4 39. Kd1 Bd4 40.
Ke2 Kg3 41. Ne3 Bxe3 42. Kxe3 g4 43. d4 Kh3 44. Kf2 Kh2 45. d5 g3+ 0-1

[Event "gameknot.com marekt's mini-tournament (1.b4 thematic) XX"]
[Site "?"]
[Date "2016.??.??"]
[Round "?"]
[White "tbre0022"]
[Black "rcm06"]
[Result "1/2-1/2"]
[WhiteElo "2435"]
[BlackElo "2140"]
[PlyCount "88"]
[EventDate "2016.??.??"]

1. b4 e5 2. Bb2 f6 3. e4 d5 4. f4 exf4 5. Qh5+ g6 6. Qxd5 Qxd5 7. exd5 Bxb4 8.
Ne2 Ne7 9. Nxf4 Bd6 10. Bxf6 O-O 11. Bxe7 Re8 12. Ne6 Rxe7 13. Nc3 Nd7 14.
O-O-O Nb6 15. Nb5 Bxe6 16. dxe6 Rxe6 17. Nxd6 cxd6 18. h4 Rf8 19. Rh3 d5 20.
Ra3 a6 21. Rb3 Rff6 22. Rb4 Rf2 23. g3 Ref6 24. Bd3 Rg2 25. g4 a5 26. Rd4 Rgf2
27. h5 R2f4 28. Rxf4 Rxf4 29. hxg6 hxg6 30. Bxg6 Rxg4 31. Be8 Rf4 32. Rh1 Kf8
33. Re1 Kg7 34. Bb5 Kf6 35. a3 Nc4 36. Bxc4 Rxc4 37. Kb2 Rc6 38. Re8 Re6 39.
Rxe6+ Kxe6 40. Kb3 Kd7 41. Ka4 b6 42. Kb5 Kc7 43. d4 Kb7 44. c3 Kc7 1/2-1/2

[Event "gameknot.com marekt's mini-tournament (1.b4 thematic) XX"]
[Site "?"]
[Date "2016.??.??"]
[Round "?"]
[White "tbre0022"]
[Black "gluv51"]
[Result "1-0"]
[WhiteElo "2420"]
[BlackElo "2085"]
[PlyCount "115"]
[EventDate "2016.??.??"]

1. b4 e5 2. Bb2 f6 3. e4 d5 4. f4 exf4 5. Qh5+ g6 6. Qxd5 Qxd5 7. exd5 Bxb4 8.
Ne2 Ne7 9. Nxf4 Bd6 10. g3 Bxf4 11. gxf4 Nxd5 12. Bc4 Be6 13. O-O Kf7 14. f5
gxf5 15. Bxd5 Bxd5 16. Rxf5 Rg8+ 17. Kf2 Be4 18. Rxf6+ Ke7 19. Rf4 Bxc2 20. Nc3
Bg6 21. Nd5+ Kd8 22. h4 Nd7 23. h5 Be8 24. Re1 Bxh5 25. Bf6+ Nxf6 26. Nxf6 Rf8
27. Nxh5 Rxf4+ 28. Nxf4 Kd7 29. Rh1 Rh8 30. Ng6 Rg8 31. Rxh7+ Kd6 32. Nf4 Re8
33. Rh6+ Kd7 34. Nd5 Kc8 35. Nf6 Rd8 36. Ke3 c5 37. Ne4 b6 38. Nd6+ Kd7 39. Nb5
a6 40. Nc3 Kc7 41. Na4 Rb8 42. d3 Re8+ 43. Kd2 Rb8 44. Kc2 a5 45. a3 Rb7 46.
Nc3 Kb8 47. Nb5 Ka8 48. Rh8+ Rb8 49. Rxb8+ Kxb8 50. Kc3 Kc8 51. Kc4 Kd7 52. Kd5
a4 53. Nc3 Kc7 54. Nxa4 b5 55. Nxc5 Kb6 56. Nb3 Kc7 57. Ke6 Kd8 58. d4 1-0

[Event "gameknot.com marekt's mini-tournament (1.b4 thematic) XX"]
[Site "?"]
[Date "2016.??.??"]
[Round "?"]
[White "headologer"]
[Black "reza34861"]
[Result "0-1"]
[WhiteElo "1935"]
[BlackElo "1915"]
[PlyCount "60"]
[EventDate "2016.??.??"]

1. b4 e5 2. Bb2 f6 3. e4 d5 4. f4 exf4 5. Qh5+ g6 6. Qxd5 Qxd5 7. exd5 Bxb4 8.
Ne2 Ne7 9. Nxf4 Bd6 10. g3 Bxf4 11. gxf4 Nxd5 12. Bc4 Be6 13. O-O Kf7 14. Nc3
Nxc3 15. Bxe6+ Kxe6 16. Bxc3 Nd7 17. Rfe1+ Kf7 18. Rab1 b6 19. a4 Rhe8 20. Rxe8
Rxe8 21. a5 Re4 22. axb6 cxb6 23. Rf1 Rc4 24. Kg2 Nc5 25. Ra1 a5 26. Rb1 Na4
27. f5 gxf5 28. Rb3 Kg6 29. Kf3 Nxc3 30. dxc3 a4 0-1

[Event "gameknot.com marekt's mini-tournament (1.b4 thematic) XX"]
[Site "?"]
[Date "2016.??.??"]
[Round "?"]
[White "headologer"]
[Black "rcm06"]
[Result "0-1"]
[WhiteElo "1945"]
[BlackElo "2140"]
[PlyCount "26"]
[EventDate "2016.??.??"]

1. b4 e5 2. Bb2 f6 3. e4 d5 4. f4 exf4 5. Qh5+ g6 6. Qxd5 Qxd5 7. exd5 Bxb4 8.
Ne2 Ne7 9. Bxf6 O-O 10. Be5 Nxd5 11. c4 Nc6 12. Bb2 Ne3 13. Kf2 Nd1+ 0-1

[Event "gameknot.com marekt's mini-tournament (1.b4 thematic) XX"]
[Site "?"]
[Date "2016.??.??"]
[Round "?"]
[White "headologer"]
[Black "the_great_omni"]
[Result "0-1"]
[WhiteElo "1945"]
[BlackElo "2415"]
[PlyCount "22"]
[EventDate "2016.??.??"]

1. b4 e5 2. Bb2 f6 3. e4 d5 4. f4 exf4 5. Qh5+ g6 6. Qxd5 Qxd5 7. exd5 Bxb4 8.
Ne2 Ne7 9. Nxf4 Bd6 10. Ne6 Nxd5 11. Bxf6 Nxf6 0-1

[Event "gameknot.com marekt's mini-tournament (1.b4 thematic) XX"]
[Site "?"]
[Date "2016.??.??"]
[Round "?"]
[White "5imon"]
[Black "reza34861"]
[Result "0-1"]
[WhiteElo "1890"]
[BlackElo "1940"]
[PlyCount "40"]
[EventDate "2016.??.??"]

1. b4 e5 2. Bb2 f6 3. e4 d5 4. f4 exf4 5. Qh5+ g6 6. Qxd5 Qxd5 7. exd5 Bxb4 8.
Ne2 Ne7 9. Nxf4 O-O 10. Ba3 Re8 11. Kf2 Ba5 12. Bc4 Nf5 13. Bc5 Re4 14. d3
Rxf4+ 15. Ke2 Nd7 16. Be3 Nxe3 17. Kxe3 Rf5 18. d6+ Kg7 19. dxc7 b5 20. Bb3 Bb7
0-1

[Event "gameknot.com marekt's mini-tournament (1.b4 thematic) XX"]
[Site "?"]
[Date "2016.??.??"]
[Round "?"]
[White "the_great_omni"]
[Black "tbre0022"]
[Result "1/2-1/2"]
[WhiteElo "2450"]
[BlackElo "2350"]
[PlyCount "59"]
[EventDate "2016.??.??"]

1. b4 e5 2. Bb2 f6 3. e4 d5 4. f4 exf4 5. Qh5+ g6 6. Qxd5 Qxd5 7. exd5 Bxb4 8.
Ne2 Ne7 9. Nxf4 Bd6 10. Bxf6 O-O 11. Bxe7 Re8 12. Ne6 Rxe7 13. Nc3 Nd7 14.
O-O-O Ba3+ 15. Kb1 Nb6 16. Nxc7 Rxc7 17. Nb5 Bf5 18. Nxa3 Rac8 19. Bd3 Bxd3 20.
cxd3 Nxd5 21. Rc1 a6 22. Rxc7 Rxc7 23. Nc2 Nf4 24. Ne1 Rd7 25. Kc2 Rc7+ 26. Kd1
Rd7 27. Rf1 Nxd3 28. Nxd3 Rxd3 29. Rf6 Rd7 30. Rb6 1/2-1/2

[Event "gameknot.com marekt's mini-tournament (1.b4 thematic) XX"]
[Site "?"]
[Date "2016.??.??"]
[Round "?"]
[White "breughel"]
[Black "the_great_omni"]
[Result "1/2-1/2"]
[WhiteElo "2340"]
[BlackElo "2420"]
[PlyCount "43"]
[EventDate "2016.??.??"]

1. b4 e5 2. Bb2 f6 3. e4 d5 4. f4 exf4 5. Qh5+ g6 6. Qxd5 Qxd5 7. exd5 Bxb4 8.
Ne2 Ne7 9. Nxf4 Bd6 10. Bxf6 O-O 11. Bxe7 Re8 12. Ne6 Rxe7 13. Nc3 Nc6 14.
O-O-O Bxe6 15. dxe6 Kg7 16. Nb5 Rd8 17. Nxd6 Rxd6 18. Re1 Rdxe6 19. Rxe6 Rxe6
20. Bc4 Re7 21. Bd5 Nd8 22. Bf3 1/2-1/2

[Event "gameknot.com marekt's mini-tournament (1.b4 thematic) XX"]
[Site "?"]
[Date "2016.??.??"]
[Round "?"]
[White "5imon"]
[Black "the_great_omni"]
[Result "0-1"]
[WhiteElo "1900"]
[BlackElo "2405"]
[PlyCount "54"]
[EventDate "2016.??.??"]

1. b4 e5 2. Bb2 f6 3. e4 d5 4. f4 exf4 5. Qh5+ g6 6. Qxd5 Qxd5 7. exd5 Bxb4 8.
Ne2 Ne7 9. Nxf4 Bd6 10. Bxf6 O-O 11. Bxe7 Re8 12. Ne6 Rxe7 13. Nc3 Nd7 14.
O-O-O Ba3+ 15. Kb1 Nb6 16. Nb5 Bxe6 17. dxe6 Bc5 18. Bd3 Rae8 19. Rde1 c6 20.
Re5 a6 21. Rxc5 axb5 22. a3 Rxe6 23. c4 Rd8 24. Kc2 Na4 25. Rg5 Red6 26. Rg3
Nc5 27. cxb5 Nxd3 0-1

[Event "gameknot.com marekt's mini-tournament (1.b4 thematic) XX"]
[Site "?"]
[Date "2016.??.??"]
[Round "?"]
[White "headologer"]
[Black "5imon"]
[Result "1/2-1/2"]
[WhiteElo "1945"]
[BlackElo "1900"]
[PlyCount "112"]
[EventDate "2016.??.??"]

1. b4 e5 2. Bb2 f6 3. e4 d5 4. f4 exf4 5. Qh5+ g6 6. Qxd5 Qxd5 7. exd5 Bxb4 8.
Ne2 Ne7 9. Nbc3 Bd6 10. Nb5 Nxd5 11. Nxd6+ cxd6 12. c4 Nb4 13. Nd4 N8c6 14.
O-O-O O-O 15. Nb5 Bf5 16. d3 Rad8 17. a3 Na6 18. d4 d5 19. c5 Nab8 20. Nd6 Bg4
21. Re1 b6 22. Be2 Bxe2 23. Rxe2 bxc5 24. dxc5 Nd7 25. Nb5 Nxc5 26. Kc2 a6 27.
Nd4 Nxd4+ 28. Bxd4 Ne4 29. Rb1 Rb8 30. Rxb8 Rxb8 31. Re1 Kf7 32. Rf1 g5 33. Rf3
Ke6 34. Rh3 Rb7 35. Rf3 Kf5 36. h3 h5 37. Rd3 h4 38. Rf3 Rc7+ 39. Kb2 Nd2 40.
Rd3 Nc4+ 41. Kb3 Ke4 42. Rd1 f5 43. Bf6 g4 44. Bxh4 f3 45. gxf3+ gxf3 46. Bf2
Rb7+ 47. Kc3 Rb2 48. Rd4+ Ke5 49. Bg3+ f4 50. Rxf4 Rg2 51. Rxf3+ Ke4 52. Rf4+
Ke3 53. Rg4 Kf3 54. Bb8 Rxg4 55. hxg4 Kxg4 56. Kd4 Nxa3 1/2-1/2

[Event "gameknot.com marekt's mini-tournament (1.b4 thematic) XX"]
[Site "?"]
[Date "2016.??.??"]
[Round "?"]
[White "marekt"]
[Black "headologer"]
[Result "1-0"]
[WhiteElo "2165"]
[BlackElo "1950"]
[PlyCount "37"]
[EventDate "2016.??.??"]

1. b4 e5 2. Bb2 f6 3. e4 d5 4. f4 exf4 5. Qh5+ g6 6. Qxd5 Qxd5 7. exd5 Bxb4 8.
Ne2 Ne7 9. Nxf4 O-O 10. Bc4 Kg7 11. Nc3 Bf5 12. Nb5 Na6 13. Nd4 Rfe8 14. Nfe6+
Kh6 15. Nxf5+ Nxf5 16. O-O Bxd2 17. Bxf6 Rac8 18. Rf3 Kh5 19. Rh3+ 1-0

[Event "gameknot.com marekt's mini-tournament (1.b4 thematic) XX"]
[Site "?"]
[Date "2017.??.??"]
[Round "?"]
[White "marekt"]
[Black "gluv51"]
[Result "1-0"]
[WhiteElo "2165"]
[BlackElo "2090"]
[PlyCount "121"]
[EventDate "2017.??.??"]

1. b4 e5 2. Bb2 f6 3. e4 d5 4. f4 exf4 5. Qh5+ g6 6. Qxd5 Qxd5 7. exd5 Bxb4 8.
Ne2 Ne7 9. Nxf4 Bd6 10. g3 Bxf4 11. Bxf6 Rf8 12. Bxe7 Kxe7 13. gxf4 Rxf4 14.
Nc3 Nd7 15. Bg2 Nb6 16. O-O-O Bf5 17. Rhf1 Rh4 18. Rde1+ Kd7 19. Be4 Rf8 20.
Rf2 Nc8 21. d3 Nd6 22. Kd2 Rf7 23. Ree2 b5 24. a3 a5 25. Kc1 Rg4 26. Rf3 Nxe4
27. dxe4 b4 28. axb4 axb4 29. Na4 Re7 30. Nc5+ Kd6 31. Nb7+ Kd7 32. Rfe3 Rg1+
33. Kb2 Bg4 34. Rf2 Bf5 35. h3 Ke8 36. Nc5 Kd8 37. exf5 Rxe3 38. f6 Re8 39.
Ne6+ Kd7 40. f7 Rb8 41. f8=Q Rxf8 42. Rxf8 Rg3 43. Rf7+ Kd6 44. Rxh7 c6 45. Nf4
cxd5 46. Rh6 Ke5 47. Rxg6 Rf3 48. Nd3+ Kf5 49. h4 b3 50. Rg5+ Ke4 51. Kxb3 Rf6
52. h5 Rh6 53. Kc3 Rc6+ 54. Kd2 Rd6 55. Ke2 Rc6 56. Re5+ Kd4 57. Rxd5+ Ke4 58.
Re5+ Kd4 59. Kd2 Rc7 60. h6 Rc6 61. c3+ 1-0

[Event "gameknot.com marekt's mini-tournament (1.b4 thematic) XX"]
[Site "?"]
[Date "2016.??.??"]
[Round "?"]
[White "marekt"]
[Black "tbre0022"]
[Result "0-1"]
[WhiteElo "2155"]
[BlackElo "2365"]
[PlyCount "106"]
[EventDate "2016.??.??"]

1. b4 e5 2. Bb2 f6 3. e4 d5 4. f4 exf4 5. Qh5+ g6 6. Qxd5 Qxd5 7. exd5 Bxb4 8.
Ne2 Ne7 9. Nxf4 Bd6 10. Bxf6 O-O 11. Bxe7 Re8 12. Ne6 Rxe7 13. Nc3 Nc6 14.
O-O-O Bxe6 15. dxe6 Ba3+ 16. Kb1 Rd8 17. g3 Kg7 18. Nb5 Bc5 19. Bg2 Rxe6 20.
Nxc7 Red6 21. c4 Nd4 22. Kb2 R6d7 23. Nd5 b5 24. Kc3 Rb8 25. Rhe1 b4+ 26. Kb2
b3 27. a4 Nc2 28. Re4 Bd4+ 29. Nc3 Nb4 30. Re2 Na6 31. Rc1 Nc5 32. Kb1 Rb6 33.
Bd5 Ra6 34. Nb5 Bf6 35. Rf1 Rb6 36. Re8 Nxa4 37. Rg8+ Kh6 38. h4 Bb2 39. Ra8
Bg7 40. g4 Rxb5 41. cxb5 Rxd5 42. Rxa7 Rxd2 43. Rxa4 Rb2+ 44. Kc1 Ra2 45. g5+
Kh5 46. Rff4 Ra1+ 47. Kd2 b2 48. Rab4 h6 49. Rf7 Ra4 50. Rb3 Ra3 51. Rxb2 Bxb2
52. Kc2 Be5 53. Rh7 Rc3+ 0-1

[Event "gameknot.com marekt's mini-tournament (1.b4 thematic) XX"]
[Site "?"]
[Date "2017.??.??"]
[Round "?"]
[White "5imon"]
[Black "gluv51"]
[Result "0-1"]
[WhiteElo "1875"]
[BlackElo "2105"]
[PlyCount "44"]
[EventDate "2017.??.??"]

1. b4 e5 2. Bb2 f6 3. e4 d5 4. f4 exf4 5. Qh5+ g6 6. Qxd5 Qxd5 7. exd5 Bxb4 8.
Ne2 Ne7 9. Nxf4 Bd6 10. g3 Bxf4 11. gxf4 Nxd5 12. Bc4 Nxf4 13. Bxf6 Rf8 14. Bg5
Bg4 15. Bxf4 Rxf4 16. Bd5 c6 17. Bg2 Na6 18. Rf1 Rxf1+ 19. Kxf1 Bf5 20. c3
O-O-O 21. d4 c5 22. dxc5 Rd1+ 0-1

[Event "gameknot.com marekt's mini-tournament (1.b4 thematic) XX"]
[Site "?"]
[Date "2016.??.??"]
[Round "?"]
[White "marekt"]
[Black "reza34861"]
[Result "1/2-1/2"]
[WhiteElo "2165"]
[BlackElo "1915"]
[PlyCount "54"]
[EventDate "2016.??.??"]

1. b4 e5 2. Bb2 f6 3. e4 d5 4. f4 exf4 5. Qh5+ g6 6. Qxd5 Qxd5 7. exd5 Bxb4 8.
Ne2 Ne7 9. Nxf4 Bd6 10. g3 Bxf4 11. Bxf6 Rf8 12. Bxe7 Kxe7 13. gxf4 Rxf4 14.
Nc3 Nd7 15. O-O-O Nf6 16. Re1+ Kf8 17. Bg2 Bf5 18. d3 Re8 19. Ref1 Rxf1+ 20.
Rxf1 Kg7 21. Rf4 Re7 22. Kd2 a6 23. h4 h6 24. Bf3 Rf7 25. Ke3 Bc8 26. Rd4 Rd7
27. a3 b6 1/2-1/2

[Event "gameknot.com marekt's mini-tournament (1.b4 thematic) XX"]
[Site "?"]
[Date "2016.??.??"]
[Round "?"]
[White "5imon"]
[Black "marekt"]
[Result "0-1"]
[WhiteElo "1885"]
[BlackElo "2155"]
[PlyCount "76"]
[EventDate "2016.??.??"]

1. b4 e5 2. Bb2 f6 3. e4 d5 4. f4 exf4 5. Qh5+ g6 6. Qxd5 Qxd5 7. exd5 Bxb4 8.
Ne2 Bd6 9. Ba3 Bxa3 10. Nxa3 g5 11. g3 Ne7 12. Bg2 c6 13. gxf4 Nxd5 14. fxg5
fxg5 15. Bxd5 cxd5 16. Nb5 Na6 17. O-O Rf8 18. Rfe1 Kf7 19. Rab1 Bd7 20. Nec3
Bc6 21. Re5 Kf6 22. d4 Rad8 23. Nxa7 Nc7 24. Rb6 Rd6 25. Nxc6 Rxc6 26. Rxc6+
bxc6 27. a4 Ne6 28. Re1 Ra8 29. Rd1 g4 30. Kg2 Kg5 31. Kg3 Rf8 32. Rd3 Nxd4 33.
Nxd5 Nf5+ 34. Kg2 cxd5 35. Rxd5 Rc8 36. Rd2 Ra8 37. Kf2 Rxa4 38. c3 Kh4 0-1